Nigeria elections 2007 : defending the people's mandate (Record no. 32982)

MARC details
000 -LEADER
fixed length control field 00455nam a2200169Ia 4500
020 ## - INTERNATIONAL STANDARD BOOK NUMBER
ISBN 0977609804
050 ## - CALL MARK
Classification number JQ 3098 .N515/
245 #0 - TITLE STATEMENT
Title Nigeria elections 2007 : defending the people's mandate
260 ## - PUBLICATION, DISTRIBUTION, ETC. (IMPRINT)
Place of publication Abuja
260 ## - PUBLICATION, DISTRIBUTION, ETC. (IMPRINT)
Name of publisher [s.n.]
260 ## - PUBLICATION, DISTRIBUTION, ETC. (IMPRINT)
Year of publication 2005
300 ## - PHYSICAL DESCRIPTION
Number of Pages 106 p
650 ## - SUBJECT ADDED ENTRY--TOPICAL TERM
Topical Term Elections--Nigeria. Nigeria--Politics and government--1993-2007.
942 ## - ADDED ENTRY ELEMENTS (KOHA)
Koha item type Books
Holdings
Withdrawn status Lost status Source of classification or shelving scheme Damaged status Not for loan Permanent Location Current Location Date acquired Accession Number Price effective from Koha item type
    Library of Congress Classification     NILE UNIVERSITY OF NIGERIA - MAIN LIBRARY NILE UNIVERSITY OF NIGERIA - MAIN LIBRARY 04/23/2025 0005387 04/23/2025 Books